Estatísticas para Países que começam com as letras "U", "V", "X" e "Z"

Clique aqui para jogar o quiz

Estatísticas Gerais

  • Esse quiz foi jogado 1 394 vezes
  • A pontuação média é 8 de 10

Estatísticas das Respostas

Países% Correto
ZIMBÁBUE
96%
ZÂMBIA
95%
UGANDA
87%
USBEQUISTÃO
83%
VATICANO
83%
UCRÂNIA
79%
URUGUAI
77%
VANUATU
76%
VENEZUELA
76%
VIETNÃ
72%

Distribuição das Pontuações

Percentil de Números Respondidos

Porcentagem de Pessoas com Cada Pontuação

Sua Pontuação Histórica

Você não jogou esse quiz